Diario de Campo : Suplemento : número 44, 2007 : Religiosidad popular México-Cuba /
Uloženo v:
| Médium: | Kniha |
|---|---|
| Jazyk: | španělština |
| Vydáno: |
México :
INAH,
2007
|
| Edice: | (Diario de Campo: Suplemento ;
44) |
| Témata: | |
| Tagy: |
Žádné tagy, Buďte první, kdo vytvoří štítek k tomuto záznamu!
|
MARC
| LEADER | 00000nam^a2200000^a^4500 | ||
|---|---|---|---|
| 001 | 000631654 | ||
| 005 | 20260514000000.0 | ||
| 009 | 20260526154610.941 | ||
| 022 | |a 2007-6851 | ||
| 037 | |a Acervo ITESO - Biblioteca | ||
| 041 | |a GRA | ||
| 041 | |a ESP | ||
| 082 | |a 300. 5 |b DIA SUP V. 44 | ||
| 240 | 1 | 1 | |a [Diario de Campo] |
| 240 | 1 | 1 | |a [Diario de Campo: Suplemento] |
| 245 | 0 | 0 | |a Diario de Campo : |b Suplemento : número 44, 2007 : Religiosidad popular México-Cuba / |c INAH. |
| 264 | 1 | |a México : |b INAH, |c 2007 | |
| 300 | |a 67 p. | ||
| 336 | |a texto |b txt |2 rdacontenido | ||
| 337 | |a sin mediación |b n |2 rdamedio | ||
| 338 | |a volumen |b nc |2 rdasoporte | ||
| 440 | 1 | |a (Diario de Campo: Suplemento ; |v 44) | |
| 546 | |a Edición gráfica con texto en español | ||
| 649 | |a XX | ||
| 650 | |a Antropología - |x Publicaciones Periódicas - |x Tema Principal | ||
| 650 | |a Publicaciones Periódicas Mexicanas | ||
| 650 | |a Publicaciones Periódicas | ||
| 910 | |a Fondo Castillo-Martínez | ||
| 920 | |a Impresos - Libros | ||
| 930 | |a Fondos Especiales | ||
| 905 | |a 127 | ||
| 901 | |a 631654-10 |b IT2 |c ESP |i D125059 |u 20260514 | ||
| 902 | |a https://opac.biblio.iteso.mx/vufind/Record/000631654 | ||